LEADER 01772nam a2200373 u 4500 001 000000088685 003 CaOOAMICUS 005 20240312170847.0 008 051104s2004 it u000 u ita u 032 $aLibriCat 035 $a11066848 040 $aPUL$bita 100 1 $aCheong, Goang Wng.$0(OLS)http://pul/name/57628 245 12$aL'applicazione del Privilegio paolino nel contesto della Chiesa coreana /$cCheong Goang Wng. 260 $aRoma :$b[s.n.],$c2004. 300 $a188 p. ;$c24 cm 500 $aIn testa al front.: Pontificia Universitas Urbaniana, Facoltą di Diritto Canonico 500 $aIn calce al front.: Dissertatio ad Doctoratum in Facultate Iuris Canonici. 502 $aDissertatio ad Doctoratum in Facultate Iuris Canonici. Roma, Pontificia Universitą Urbaniana, 2004. 504 $aBibliogr.: p.[174]-188. 650 4$aDiritto canonico$xStudi.$0(OLS)http://pul/subject/689 710 2 $aPontificia Universitą Urbaniana (Roma).$0(OLS)http://pul/name/5624 850 $aPUL 852 $aPUL$W1$xDP1 Tesi Pon. Univ. Urbaniana$y49$m2004 C 2$j142945$nBK-PRI$b $qTesi$B112275$CPULBib$Z2$F112275 $H100017 $82 910 $aPontificium Athenaeum Urbanianum$95624 910 $aPontificium Athenaeum Urbanianum$95624 910 $aPontificio Collegio Urbano "de Propaganda Fide"$95624 910 $aPontificio Collegio Urbano "de Propaganda Fide"$95624 910 $aPontificia Universitas Urbaniana$95624 910 $aPontifical Urban University De Propaganda Fide$95624 941 1 $a16 996 $6245$aL'applicazione del Privilegio paolino nel contesto della Chiesa coreana$9(OLS)http://pul/title/114602 996 $6260$aRoma :$b[s.n.]$9(OLS)http://pul/publisher/47958 LEADER 01387nam a2200313 a 4500 001 000000160208 003 CaOOAMICUS 005 20170412090355.0 008 170412s2017 it u000 u ita r 020 $a978-88-511-4845-4* 032 $aLibriCat 040 $aPUL$bita 082 04$a174 100 1 $aLo Sapio, Luca.$0(OLS)http://pul/name/102473 245 10$aBioetica cattolica e bioetica laica nell'era di papa Francesco :$bche cosa č cambiato? /$cLuca Lo Sapio ; con un saggio di Giovanni Fornero. 260 $a[S.l.] :$bUTET ;$aMilano :$bDeA Planeta Libri S.r.l.,$c©2017. 300 $a242 p. ;$c21 cm. 504 $aBibliografia in nota. 650 4$aBioetica.$0(OLS)http://pul/subject/2868 700 1 $aFornero, Giovanni.$0(OLS)http://pul/name/7698 850 $aPUL 852 $aPUL$W1$xSL Filosofia 3$y81$m174 LOSLU 1$j183808$qDDC 21$B187016$CPULBib$Z2$F187016 $H129412 $81 941 1 $a9 996 $6020$a978-88-511-4845-4*$9(OLS)http://pul/number/162487 996 $6082$a174$9(OLS)http://pul/classification/425 996 $6245$aBioetica cattolica e bioetica laica nell'era di papa Francesco :$bche cosa č cambiato?$9(OLS)http://pul/title/199861 996 $6260$a[S.l.] :$bUTET$9(OLS)http://pul/publisher/64067 996 $6260$aMilano :$bDeA Planeta Libri S.r.l.$9(OLS)http://pul/publisher/86226